Effect of planting density on the growth of rubber in the Vellanikkara estate (Record no. 52582)

MARC details
000 -LEADER
fixed length control field 00441nam a2200121Ia 4500
100 ## - MAIN ENTRY--AUTHOR NAME
Personal name Karthikeyan K.V.
245 #0 - TITLE STATEMENT
Title Effect of planting density on the growth of rubber in the Vellanikkara estate
260 ## - PUBLICATION, DISTRIBUTION, ETC. (IMPRINT)
Name of publisher Dissertation, PG Diploma in Natural Rubber Production, Kerala Agricultural University, Trichur, India, 26 p.
Year of publication 1993
650 ## - SUBJECT ADDED ENTRY--TOPICAL TERM
Topical Term Growth
650 ## - SUBJECT ADDED ENTRY--TOPICAL TERM
Topical Term Planting density
942 ## - ADDED ENTRY ELEMENTS (KOHA)
Koha item type Bibliography STAF
Holdings
Withdrawn status Lost status Damaged status Not for loan Home library Current library Date acquired Koha item type
      Bibliography RRII Library RRII Library 09/04/2014 Bibliography STAF